| 000 | 01448nam a2200277 a 4500 | ||
|---|---|---|---|
| 008 | 210810s2020 ||||||||||||||||| || u | ||
| 020 | _a9789004425026 | ||
| 050 | _aJQ 2831 Dem | ||
| 100 | _aHinfelaar, Marja | ||
| 245 | 1 | 0 |
_aDemocracy and electoral politics in Zambia _cEdited by Tinenenji Banda; O'Brien Kaaba; Marja Hinfelaar; Muuna Ndulo |
| 260 |
_aBoston _bBrill _c2020 |
||
| 300 | _axi, 373 pages : illustrations | ||
| 490 | _aAfrika-Studiecentrum Series | ||
| 490 | _v40 | ||
| 650 | _aDEMOCRACY | ||
| 650 | _aELECTIONS | ||
| 650 | _aZAMBIA | ||
| 700 | _aBanda, Tinenenji | ||
| 700 | _aNdulo, Muna | ||
| 700 | _aKaaba, O'Brien | ||
| 995 |
_aSPECIAL COLLECTIONS _D67.00 _e751134 _FCBU-MAIN LIBRARY (Kitwe) _jZAM JQ 2831 Dem _M2 _UAVAILABLE _WAug 10, 2021 _y751134 _ZZambiana Collection |
||
| 995 |
_aMAIN LIBRARY OPEN ACCESS _D67.00 _e751135 _FCBU-MAIN LIBRARY (Kitwe) _jJQ 2831 Dem _M3 _UAVAILABLE _WAug 10, 2021 _y751135 _ZMain Library Open Access Collection |
||
| 995 |
_aMAIN LIBRARY OPEN ACCESS _D67.00 _e751137 _FCBU-MAIN LIBRARY (Kitwe) _jJQ 2831 Dem _M5 _UAVAILABLE _WAug 10, 2021 _y751137 _ZMain Library Open Access Collection |
||
| 995 |
_aMAIN LIBRARY OPEN ACCESS _D67.00 _e751136 _FCBU-MAIN LIBRARY (Kitwe) _jJQ 2831 Dem _M4 _UAVAILABLE _WAug 10, 2021 _y751136 _ZMain Library Open Access Collection |
||
| 995 |
_aSPECIAL COLLECTIONS _D67.00 _e751133 _FCBU-MAIN LIBRARY (Kitwe) _jZAM JQ 2831 Dem _M1 _UAVAILABLE _WAug 10, 2021 _y751133 _ZZambiana Collection |
||
| 999 |
_c63424 _d63424 |
||